[Event "Titled Tue 26th Aug Early"]
[Site "chess.com INT"]
[Date "2025.08.26"]
[Round "1"]
[White "Kuznetsov, Felix"]
[Black "Gutman, Gennadi"]
[Result "1-0"]
[WhiteTitle "FM"]
[BlackTitle "GM"]
[WhiteElo "2171"]
[BlackElo "2445"]
[WhiteFideId "34147990"]
[BlackFideId "14102277"]
[EventDate "2025.08.26"]

1. e4 c6 2. d4 d5 3. exd5 cxd5 4. Bd3 Nc6 5. c3 e5 6. dxe5 Nxe5 7. Nf3 Nxf3+ 8.
Qxf3 Nf6 9. O-O Be7 10. Bg5 O-O 11. Nd2 h6 12. Bh4 Re8 13. Rfe1 Be6 14. Nb3 Qd7
15. h3 g5 16. Bg3 g4 17. hxg4 Bxg4 18. Qf4 Kg7 19. Nd4 Ne4 20. Bb5 Qc8 21. Bxe8
Bg5 22. Qe5+ f6 23. Qe7+ Kh8 24. Bg6 Qg8 25. Bxe4 dxe4 26. Rxe4 Bh5 27. Rae1 Bg6
28. Re6 Rd8 29. Qxb7 Bf7 30. Re7 Rf8 31. Ne6 Rb8 32. Qxb8 1-0

[Event "Titled Tue 26th Aug Early"]
[Site "chess.com INT"]
[Date "2025.08.26"]
[Round "1"]
[White "Subramanian, Anusha"]
[Black "Aghasiyev, Kamal"]
[Result "0-1"]
[WhiteTitle "WFM"]
[BlackTitle "IM"]
[WhiteElo "2045"]
[BlackElo "2441"]
[WhiteFideId "477710"]
[BlackFideId "13402854"]
[EventDate "2025.08.26"]

1. e4 e5 2. Nf3 Nc6 3. Bb5 a6 4. Ba4 Nf6 5. O-O b5 6. Bb3 Bc5 7. d3 d6 8. h3 h6
9. a4 Rb8 10. Re1 O-O 11. c3 Bb6 12. axb5 axb5 13. Be3 Ne7 14. Nbd2 Ng6 15. d4
c5 16. Qe2 exd4 17. cxd4 c4 18. Bc2 Re8 19. Nb1 Bb7 20. d5 Bxe3 21. fxe3 Nxe4
22. Bxe4 Rxe4 23. Nc3 Re8 24. Nxb5 Bxd5 25. Nbd4 Qb6 26. Reb1 Nf4 0-1

[Event "Titled Tue 26th Aug Early"]
[Site "chess.com INT"]
[Date "2025.08.26"]
[Round "1"]
[White "Gbiorczyk, Mikolaj"]
[Black "Mullodzhanov, Nathaniel"]
[Result "0-1"]
[WhiteTitle "CM"]
[WhiteElo "2070"]
[BlackElo "2120"]
[WhiteFideId "21080763"]
[BlackFideId "30961580"]
[EventDate "2025.08.26"]

1. d4 Nf6 2. Nc3 d5 3. Bf4 g6 4. e3 a6 5. h4 h5 6. Nf3 Bg7 7. Ne5 c5 8. dxc5 Qa5
9. Be2 Qxc5 10. O-O O-O 11. Bf3 Rd8 12. Qd2 Nc6 13. Nxc6 bxc6 14. Be5 Qb4 15. a3
Qxh4 16. g3 Qh3 17. Bg2 Qf5 18. Bd4 e5 19. Bb6 Re8 20. Na4 h4 21. gxh4 Qh5 22.
c4 Qxh4 23. cxd5 cxd5 24. Nc3 Bh3 25. f3 Bxg2 26. Qxg2 d4 27. exd4 exd4 28. Na4
Nd5 29. Rad1 0-1

[Event "Titled Tue 26th Aug Early"]
[Site "chess.com INT"]
[Date "2025.08.26"]
[Round "1"]
[White "Sharshenbekov, Emir"]
[Black "Nassr, Ahmed"]
[Result "1-0"]
[WhiteTitle "CM"]
[BlackTitle "IM"]
[WhiteElo "2175"]
[BlackElo "2153"]
[WhiteFideId "13810634"]
[BlackFideId "7904860"]
[EventDate "2025.08.26"]

1. e4 c5 2. Nf3 e6 3. d4 cxd4 4. Nxd4 Nf6 5. Nc3 Nc6 6. a3 Qc7 7. Be2 a6 8. Be3
d6 9. O-O Be7 10. f4 Bd7 11. Qe1 O-O 12. Rd1 Kh8 13. Qg3 Rab8 14. Bf3 b5 15.
Nxc6 Bxc6 16. Bd4 b4 17. axb4 Rxb4 18. b3 Bb7 19. Na2 Rxd4 20. Rxd4 Qxc2 21. Qf2
Qxb3 22. Rb4 Qa3 23. Rxb7 d5 24. Kh1 dxe4 25. Bd1 Bc5 26. Qb2 Qd3 27. Be2 Qe3
28. Rb3 1-0

[Event "Titled Tue 26th Aug Early"]
[Site "chess.com INT"]
[Date "2025.08.26"]
[Round "1"]
[White "Tin, Jingyao"]
[Black "Siva Kumar, Nirish Kumar"]
[Result "1/2-1/2"]
[WhiteTitle "GM"]
[BlackTitle "FM"]
[WhiteElo "2579"]
[BlackElo "2214"]
[WhiteFideId "5804418"]
[BlackFideId "35820802"]
[EventDate "2025.08.26"]

1. Nf3 d5 2. d3 c5 3. g3 Nc6 4. Bg2 g6 5. O-O Bg7 6. c4 d4 7. a3 a5 8. e3 e5 9.
exd4 exd4 10. Nbd2 Nf6 11. Re1+ Ne7 12. Ne4 Nxe4 13. Rxe4 O-O 14. Bg5 f6 15. Bd2
a4 16. Re1 Nc6 17. b3 Bf5 18. Qc2 axb3 19. Qxb3 Ra7 20. Nh4 Bd7 21. Bd5+ Kh8 22.
Ng2 Ne5 23. Bf4 Ba4 24. Qb1 b5 25. Bxe5 fxe5 26. Nh4 Qa5 27. Re4 bxc4 28. dxc4
Qc3 29. Nxg6+ hxg6 30. Rh4+ Bh6 31. Rxh6+ Rh7 32. Qxg6 Qxa1+ 33. Kg2 Rxf2+ 34.
Kxf2 Qb2+ 35. Kg1 Qc1+ 36. Kg2 Qd2+ 37. Kg1 Qe3+ 38. Kg2 Qd2+ 39. Kg1 Qe3+ 40.
Kf1 Qc1+ 41. Kg2 Qd2+ 1/2-1/2

[Event "Titled Tue 26th Aug Early"]
[Site "chess.com INT"]
[Date "2025.08.26"]
[Round "1"]
[White "Aarav Sarbalia"]
[Black "Tsvetkov, Andrey"]
[Result "1-0"]
[WhiteTitle "FM"]
[BlackTitle "IM"]
[WhiteElo "2232"]
[BlackElo "2403"]
[WhiteFideId "33382859"]
[BlackFideId "34139360"]
[EventDate "2025.08.26"]

1. e4 c5 2. Nf3 d6 3. d4 cxd4 4. Nxd4 Nf6 5. Nc3 a6 6. Be2 e5 7. Nb3 Be7 8. Be3
Be6 9. Nd5 Nbd7 10. Qd3 O-O 11. O-O Bxd5 12. exd5 Ne8 13. Qd2 f5 14. f3 h6 15.
Na5 Rb8 16. c4 Bg5 17. b4 Bxe3+ 18. Qxe3 Nef6 19. Rfd1 Re8 20. Nb3 Qb6 21. Qxb6
Nxb6 22. c5 dxc5 23. Nxc5 Red8 24. d6 Kf7 25. a4 Ke8 26. Ne6 Rd7 27. Nc5 Rf7 28.
a5 Nbd7 29. Ne6 Rc8 30. Nc7+ Kd8 31. Rac1 Nf8 32. Bc4 Rd7 33. b5 Rxd6 34. Rxd6+
Kxc7 35. Bd3+ Kxd6 36. Rxc8 Ne6 37. bxa6 bxa6 38. Bxa6 Nc5 39. Bb5 Nd5 40. a6
Nb6 41. Rc6+ 1-0

[Event "Titled Tue 26th Aug Early"]
[Site "chess.com INT"]
[Date "2025.08.26"]
[Round "1"]
[White "Fikiet, Alex"]
[Black "Grutter, Tim"]
[Result "0-1"]
[BlackTitle "IM"]
[WhiteElo "2151"]
[BlackElo "2402"]
[WhiteFideId "2052717"]
[BlackFideId "1057472"]
[EventDate "2025.08.26"]

1. e4 a6 2. d4 c6 3. Nf3 d5 4. exd5 cxd5 5. Ne5 Nf6 6. c4 g6 7. Nc3 Bg7 8. cxd5
O-O 9. Bc4 b5 10. Bb3 Bb7 11. O-O Nxd5 12. Qe2 b4 13. Ne4 Nc6 14. Nc5 Nxd4 15.
Qe4 Nxb3 16. Nxb7 Qb8 17. Qxd5 Nxa1 18. Bf4 e6 19. Qe4 f5 20. Qc6 Bxe5 21. Qxe6+
Rf7 22. Bxe5 Qxb7 23. Rxa1 Qe7 24. Qc6 Re8 25. f4 Qe6 26. Qc5 Rb7 27. Rd1 Rc8
28. Qe3 Rd7 29. Re1 Qxa2 30. h4 Qd5 31. Kh2 Rc2 32. Qb6 Qxg2# 0-1

[Event "Titled Tue 26th Aug Early"]
[Site "chess.com INT"]
[Date "2025.08.26"]
[Round "1"]
[White "Venkatesh, Narayan"]
[Black "Svane, Rasmus"]
[Result "0-1"]
[WhiteTitle "FM"]
[BlackTitle "GM"]
[WhiteElo "2218"]
[BlackElo "2619"]
[WhiteFideId "30987881"]
[BlackFideId "4657101"]
[EventDate "2025.08.26"]

1. Nf3 d5 2. c4 e6 3. g3 Nf6 4. Bg2 Be7 5. O-O O-O 6. d4 dxc4 7. Qc2 a6 8. a4
Bd7 9. Qxc4 Bc6 10. Bg5 Nbd7 11. Nc3 h6 12. Bxf6 Nxf6 13. Rfd1 a5 14. Rac1 Bxf3
15. Bxf3 c6 16. e4 Qb6 17. b3 Rfd8 18. e5 Nd5 19. Nxd5 cxd5 20. Qc7 Qxb3 21.
Qxe7 Qxf3 22. Qxb7 Rab8 23. Qc7 Rf8 24. Qxa5 Ra8 25. Qc3 Qxc3 26. Rxc3 Rxa4 27.
Rc7 Rb8 28. Rd7 g5 29. f4 gxf4 30. gxf4 Rbb4 31. f5 Rxd4 32. Rb1 Rg4+ 33. Kh1
Raf4 34. f6 Rb4 35. Ra1 Rb8 36. h4 Rxh4+ 37. Kg2 Rh5 38. Kf3 Rxe5 39. Rg1+ Kf8
40. Rb1 Rf5+ 41. Kg4 Re8 0-1

[Event "Titled Tue 26th Aug Early"]
[Site "chess.com INT"]
[Date "2025.08.26"]
[Round "1"]
[White "Rodriguez, Santiago"]
[Black "Szpar, Milosz"]
[Result "0-1"]
[WhiteTitle "CM"]
[BlackTitle "GM"]
[WhiteElo "2252"]
[BlackElo "2490"]
[WhiteFideId "3000591"]
[BlackFideId "1184989"]
[EventDate "2025.08.26"]

1. d4 Nf6 2. Bg5 d5 3. Bxf6 exf6 4. e3 Bd6 5. Bd3 c6 6. Nd2 f5 7. Ne2 O-O 8. c4
dxc4 9. Nxc4 Bc7 10. Nc3 Qf6 11. Qf3 b5 12. Nd2 a6 13. h3 Re8 14. g4 Qxd4 15.
Bxf5 Bxf5 16. gxf5 Qd3 17. O-O-O b4 18. Nce4 Be5 19. Rhg1 Nd7 20. Nb3 Qc4+ 21.
Kb1 Nf6 22. Ned2 Qd3+ 23. Ka1 a5 24. Qg2 g6 25. fxg6 hxg6 26. Nf3 Bxb2+ 27. Kxb2
Qc3+ 28. Kb1 a4 29. Nbd4 b3 30. Qf1 a3 31. Qe2 bxa2+ 32. Kxa2 Reb8 33. Rb1 Ne4
34. Ne5 Rb2+ 0-1

[Event "Titled Tue 26th Aug Early"]
[Site "chess.com INT"]
[Date "2025.08.26"]
[Round "1"]
[White "Troltenier, Dirk"]
[Black "Negrean, Andrei"]
[Result "1-0"]
[WhiteTitle "FM"]
[BlackTitle "FM"]
[WhiteElo "2162"]
[BlackElo "2325"]
[WhiteFideId "4606400"]
[BlackFideId "1291513"]
[EventDate "2025.08.26"]

1. e4 e5 2. Nf3 d5 3. Nxe5 Nf6 4. d4 Nxe4 5. Bd3 Be7 6. O-O O-O 7. Nc3 Nf6 8.
Re1 Nc6 9. Nxc6 bxc6 10. Bf4 c5 11. dxc5 Bxc5 12. Be5 c6 13. Qf3 Be6 14. Ne2 Qb6
15. Bxf6 gxf6 16. Qxf6 Qd8 17. Qh6 Re8 18. Bxh7+ Kh8 19. Nf4 Bd4 20. Bf5+ Kg8
21. Nxe6 fxe6 22. Bxe6+ Rxe6 23. Rxe6 Bg7 24. Qg6 Qf8 25. Rae1 Rb8 26. Re8 1-0

[Event "Titled Tue 26th Aug Early"]
[Site "chess.com INT"]
[Date "2025.08.26"]
[Round "1"]
[White "Carlsen, Magnus"]
[Black "Baches Garcia, Guillermo"]
[Result "1-0"]
[WhiteTitle "GM"]
[BlackTitle "IM"]
[WhiteElo "2839"]
[BlackElo "2305"]
[WhiteFideId "1503014"]
[BlackFideId "2209764"]
[EventDate "2025.08.26"]

1. a3 d5 2. f4 Nf6 3. Nf3 e6 4. e3 Bd6 5. b4 b6 6. c4 Bb7 7. Bb2 c5 8. cxd5 exd5
9. Nc3 O-O 10. Nb5 Be7 11. Bd3 Nc6 12. bxc5 bxc5 13. O-O a6 14. Nc3 d4 15. Na4
Na5 16. Rc1 Rc8 17. Ne5 Bd5 18. exd4 c4 19. Be2 Nb3 20. Rc2 Qa5 21. Nc3 Be6 22.
d5 Nxd5 23. Nxc4 Qc5+ 24. Kh1 Nd4 25. Ne4 Qa7 26. Rc1 Rfd8 27. Bd3 Nf6 28. Ng5
Bd5 29. Ne3 Ba8 30. Rxc8 Rxc8 31. Qa4 Ne6 32. Nxe6 fxe6 33. Qxa6 Qc7 34. Qxe6+
Kh8 35. Rc1 Qb7 36. Rxc8+ 1-0

[Event "Titled Tue 26th Aug Early"]
[Site "chess.com INT"]
[Date "2025.08.26"]
[Round "1"]
[White "Yeletsky, Ivan"]
[Black "Zouaghi, Amir"]
[Result "1-0"]
[WhiteTitle "FM"]
[BlackTitle "FM"]
[WhiteElo "2469"]
[BlackElo "2301"]
[WhiteFideId "24180327"]
[BlackFideId "249262"]
[EventDate "2025.08.26"]

1. d4 c5 2. d5 e5 3. Nc3 d6 4. e4 Be7 5. Bb5+ Bd7 6. a4 Bg5 7. Qg4 Bxc1 8. Rxc1
Kf8 9. Qe2 a6 10. Bd3 g6 11. Nf3 Kg7 12. Nd2 Qc7 13. O-O g5 14. Rfe1 h6 15. b3
Ne7 16. Nd1 Ng6 17. g3 f6 18. Ne3 h5 19. c3 h4 20. Qd1 b5 21. Be2 Qc8 22. Ra1
Qb7 23. Bg4 Ne7 24. Qf3 bxa4 25. bxa4 Qc8 26. Ndc4 Qc7 27. Reb1 Ra7 28. Rb6 Bxg4
29. Qxg4 Nd7 30. Rxd6 Nf8 31. Rb1 Rb7 32. Rxb7 Qxb7 33. Rb6 Qc7 34. d6 Qc8 35.
dxe7 1-0

[Event "Titled Tue 26th Aug Early"]
[Site "chess.com INT"]
[Date "2025.08.26"]
[Round "1"]
[White "Iljin, Timofey"]
[Black "Kiseleva, Arina"]
[Result "1-0"]
[WhiteTitle "IM"]
[BlackTitle "WCM"]
[WhiteElo "2242"]
[BlackElo "2006"]
[WhiteFideId "14110180"]
[BlackFideId "4164989"]
[EventDate "2025.08.26"]

1. e4 c6 2. d4 d5 3. e5 Bf5 4. h4 h5 5. Bg5 Qb6 6. Bd3 Bxd3 7. Qxd3 e6 8. Nd2 c5
9. c4 Nc6 10. cxd5 Nb4 11. Qb3 Nxd5 12. Ne2 Qxb3 13. axb3 Nge7 14. O-O Nc6 15.
dxc5 Bxc5 16. Rfc1 Be7 17. Bxe7 Kxe7 18. f4 g6 19. Ne4 f6 20. Nc5 fxe5 21. Nxb7
Rhc8 22. fxe5 Nxe5 23. Nd4 Rxc1+ 24. Rxc1 Rb8 25. Nc5 Nf4 26. Re1 Kd6 27. Ne4+
Kd5 28. Nb5 Nfd3 29. Nec3+ Kc6 30. Nd4+ Kc5 31. Re4 Rb6 32. Kf1 Ra6 33. Ke2 Kd6
34. Ndb5+ Kc5 35. Rd4 Nc1+ 36. Kd1 Nxb3 37. Re4 Nd7 38. Kc2 1-0

[Event "Titled Tue 26th Aug Early"]
[Site "chess.com INT"]
[Date "2025.08.26"]
[Round "1"]
[White "Ibarra Jerez, Jose Carlos"]
[Black "Estrada Nieto, Julian"]
[Result "1-0"]
[WhiteTitle "GM"]
[BlackTitle "IM"]
[WhiteElo "2545"]
[BlackElo "2182"]
[WhiteFideId "2226332"]
[BlackFideId "5101018"]
[EventDate "2025.08.26"]

1. e4 e5 2. Nf3 Nc6 3. Nc3 Nf6 4. Nd5 Be7 5. Bd3 O-O 6. c3 d6 7. Bc2 Bg4 8. h3
Bh5 9. g4 Bg6 10. Nxf6+ Bxf6 11. h4 d5 12. d3 dxe4 13. dxe4 Qxd1+ 14. Kxd1 h5
15. g5 Be7 16. Be3 Rad8+ 17. Ke2 Bd6 18. Rhg1 Na5 19. Nd2 c5 20. a3 Rc8 21. Rac1
b6 22. Rgd1 Bb8 23. Bd3 Nc6 24. Ba6 Rc7 25. Bc4 Rd8 26. f3 Kf8 27. Nf1 Rcd7 28.
Rxd7 Rxd7 29. Bb5 Rc7 30. Rd1 Ke7 31. Ng3 Nd8 32. Nf5+ Bxf5 33. exf5 a5 34. f6+
gxf6 35. gxf6+ Kxf6 36. Rxd8 Rb7 37. Bg5+ Kg7 38. Ba6 Ra7 39. Bc4 Rb7 40. Bd5 1-0

[Event "Titled Tue 26th Aug Early"]
[Site "chess.com INT"]
[Date "2025.08.26"]
[Round "1"]
[White "Federer, Colin"]
[Black "Durarbayli, Vasif"]
[Result "0-1"]
[WhiteTitle "FM"]
[BlackTitle "GM"]
[WhiteElo "2294"]
[BlackElo "2612"]
[WhiteFideId "1345117"]
[BlackFideId "13402935"]
[EventDate "2025.08.26"]

1. e4 c5 2. Nf3 d6 3. d4 cxd4 4. Nxd4 Nf6 5. Nc3 a6 6. Be3 Ra7 7. Ne6 Bxe6 8.
Bxa7 Nc6 9. Be3 Ng4 10. Bd2 Qb6 11. Be3 Nxe3 12. fxe3 Qxb2 13. Nd5 Bxd5 14. exd5
Qc3+ 15. Kf2 Ne5 16. Bd3 g6 17. Rb1 Qc7 18. Rf1 Bh6 19. Qe2 O-O 20. Kg1 b5 21.
Kh1 f5 22. Ra1 Qc5 23. e4 f4 24. a4 bxa4 25. Rxa4 a5 26. Qf2 Qc7 27. Rfa1 f3 28.
gxf3 Rxf3 29. Qg2 Qb6 30. Rxa5 Rf2 31. Qg3 Bf4 32. Ra6 Bxg3 33. Rxb6 Rxh2+ 34.
Kg1 Nf3+ 35. Kf1 Rf2# 0-1

[Event "Titled Tue 26th Aug Early"]
[Site "chess.com INT"]
[Date "2025.08.26"]
[Round "1"]
[White "Weetik, Vjacheslav"]
[Black "Thet Naung"]
[Result "1-0"]
[WhiteTitle "FM"]
[BlackTitle "FM"]
[WhiteElo "2423"]
[BlackElo "2267"]
[WhiteFideId "4153472"]
[BlackFideId "13004093"]
[EventDate "2025.08.26"]

1. e4 e6 2. d3 d5 3. Qe2 Nf6 4. Nf3 Be7 5. g3 O-O 6. Bg2 c5 7. O-O Nc6 8. e5 Nd7
9. c4 dxc4 10. dxc4 Qc7 11. Bf4 b6 12. Nc3 a6 13. Rad1 Bb7 14. Nd5 exd5 15. e6
Bd6 16. Bxd6 Qxd6 17. Rxd5 Nd4 18. Nxd4 Bxd5 19. Bxd5 cxd4 20. exf7+ Kh8 21.
Bxa8 Rxf7 22. Bd5 Rf8 23. Qe4 Qe5 24. Qxe5 Nxe5 25. Rd1 d3 26. f4 Ng4 27. Rxd3
g6 28. b4 Rd8 29. Be4 Re8 30. Bf3 Nf6 31. Kf2 Kg7 32. c5 bxc5 33. bxc5 Rb8 34.
Rd2 Kf7 35. c6 1-0

[Event "Titled Tue 26th Aug Early"]
[Site "chess.com INT"]
[Date "2025.08.26"]
[Round "1"]
[White "Matveeva, Olga"]
[Black "Kravtsiv, Martyn"]
[Result "0-1"]
[WhiteTitle "WIM"]
[BlackTitle "GM"]
[WhiteElo "2132"]
[BlackElo "2598"]
[WhiteFideId "24107018"]
[BlackFideId "14113147"]
[EventDate "2025.08.26"]

1. d4 d5 2. c4 e6 3. g3 Nf6 4. Nf3 Be7 5. Bg2 O-O 6. O-O c6 7. Qc2 b6 8. Rd1
Nbd7 9. b3 a5 10. Nc3 Ba6 11. Nd2 b5 12. c5 e5 13. dxe5 Nxe5 14. Nde4 b4 15.
Nxf6+ Bxf6 16. Ne4 Nf3+ 17. Bxf3 Bxa1 18. Ng5 g6 19. e4 d4 20. Bf4 d3 21. Qc1
Bg7 22. Bd6 Re8 23. e5 Bb5 24. Qf4 f6 25. Bxc6 fxg5 26. Bd5+ Kh8 27. Qg4 Ra7 28.
e6 Qf6 29. e7 h5 0-1

[Event "Titled Tue 26th Aug Early"]
[Site "chess.com INT"]
[Date "2025.08.26"]
[Round "1"]
[White "Almedina Ortiz, Edgardo J."]
[Black "Sai, Han Thiha"]
[Result "0-1"]
[WhiteTitle "FM"]
[BlackTitle "FM"]
[WhiteElo "2210"]
[BlackElo "2117"]
[WhiteFideId "3100197"]
[BlackFideId "13012290"]
[EventDate "2025.08.26"]

1. d4 Nf6 2. c4 g6 3. Nc3 Bg7 4. e4 d6 5. Nf3 O-O 6. Be2 e5 7. O-O Bg4 8. d5 a5
9. Be3 Na6 10. Nd2 Bd7 11. a3 h5 12. f3 h4 13. Bg5 h3 14. g4 Qe8 15. b3 Nh7 16.
Be3 Bf6 17. Rb1 Bg5 18. Bf2 b6 19. b4 axb4 20. axb4 Qe7 21. Qe1 f5 22. gxf5 gxf5
23. Kh1 Kh8 24. Rg1 Rg8 25. Bf1 Bxd2 26. Qxd2 f4 27. c5 bxc5 28. Bxa6 Rxa6 29.
bxc5 Raa8 30. c6 Rxg1+ 31. Rxg1 Be8 32. Nb5 Bh5 33. Qd3 Rb8 34. Rb1 Ng5 35. Bh4
Qg7 36. Bxg5 Qxg5 37. Rg1 Qh4 38. Nxc7 Qf2 0-1

[Event "Titled Tue 26th Aug Early"]
[Site "chess.com INT"]
[Date "2025.08.26"]
[Round "1"]
[White "Bahmani, Koorosh"]
[Black "Piesik, Piotr"]
[Result "1-0"]
[WhiteTitle "CM"]
[BlackTitle "IM"]
[WhiteElo "2205"]
[BlackElo "2427"]
[WhiteFideId "42576750"]
[BlackFideId "1136194"]
[EventDate "2025.08.26"]

1. Nf3 d5 2. g3 c6 3. Bg2 Bg4 4. Ne5 Bf5 5. c4 d4 6. Qb3 Qc7 7. d3 f6 8. Nf3 e5
9. O-O Na6 10. a3 Nc5 11. Qc2 a5 12. b3 Bd6 13. Nbd2 Ne7 14. Bb2 Na6 15. e3 dxe3
16. fxe3 Bg6 17. Nh4 Bc5 18. Rae1 Qd6 19. Nxg6 hxg6 20. Nf3 Bxa3 21. Bxa3 Qxa3
22. d4 O-O 23. dxe5 Qc5 24. exf6 Rxf6 25. Kh1 Raf8 26. e4 Nb4 27. Qb1 Nc8 28. e5
Re6 29. Bh3 Re7 30. Qxg6 Ref7 31. Be6 Ne7 32. Bxf7+ Rxf7 33. Qe6 Nd3 34. Ng5
Nf2+ 35. Kg2 1-0

[Event "Titled Tue 26th Aug Early"]
[Site "chess.com INT"]
[Date "2025.08.26"]
[Round "1"]
[White "Punin, Andrii"]
[Black "Chan, Wang Ip Boris"]
[Result "1-0"]
[WhiteTitle "FM"]
[BlackTitle "CM"]
[WhiteElo "2289"]
[BlackElo "1934"]
[WhiteFideId "14112639"]
[BlackFideId "6006027"]
[EventDate "2025.08.26"]

1. e4 c5 2. Be2 d6 3. f4 g6 4. Nf3 Bg7 5. c3 Bg4 6. O-O Nc6 7. d3 Nf6 8. Nbd2
O-O 9. h3 Bxf3 10. Nxf3 c4 11. Be3 Qa5 12. Qc2 cxd3 13. Bxd3 Rac8 14. Qe2 d5 15.
e5 Ne4 16. Bxe4 dxe4 17. Nd4 Nxd4 18. Bxd4 f5 19. exf6 exf6 20. Qxe4 Qc7 21.
Rae1 f5 22. Qe6+ Qf7 23. Bxa7 Qxe6 24. Rxe6 Ra8 25. Bc5 Rfc8 26. Ba3 Bxc3 27.
Rd1 Rc6 28. Re7 Bf6 29. Rxb7 Re8 30. Rd2 Bh4 31. Kh2 Re3 32. Rb8+ Kf7 33. Rd7+
Ke6 34. Re8+ 1-0

[Event "Titled Tue 26th Aug Early"]
[Site "chess.com INT"]
[Date "2025.08.26"]
[Round "1"]
[White "Naroditsky, Daniel"]
[Black "Silwal, Purushottam"]
[Result "1-0"]
[WhiteTitle "GM"]
[BlackTitle "CM"]
[WhiteElo "2619"]
[BlackElo "2129"]
[WhiteFideId "2026961"]
[BlackFideId "12332313"]
[EventDate "2025.08.26"]

1. e4 c5 2. Nf3 d6 3. Bb5+ Nd7 4. O-O a6 5. Bd3 Ngf6 6. Re1 b5 7. c4 g5 8. Nxg5
Ne5 9. Be2 Rg8 10. d3 h6 11. Nf3 Bh3 12. g3 Qc7 13. Nc3 b4 14. Nd5 Nxd5 15. exd5
Bg7 16. Nxe5 Bxe5 17. Bf3 O-O-O 18. a3 a5 19. axb4 axb4 20. Qa4 Qb7 21. Qc6+ Kb8
22. Ra5 Bd7 23. Qxb7+ Kxb7 24. Rxe5 dxe5 25. Rxc5 Rc8 26. d6+ Kb6 27. Rxe5 exd6
28. Re7 Be6 29. Be3+ Rc5 30. d4 Rxc4 31. d5+ Kb5 32. dxe6 fxe6 33. Be2 1-0

[Event "Titled Tue 26th Aug Early"]
[Site "chess.com INT"]
[Date "2025.08.26"]
[Round "1"]
[White "Dicen, Elis Denele"]
[Black "Kaufman, David"]
[Result "0-1"]
[WhiteTitle "WFM"]
[BlackTitle "IM"]
[WhiteElo "2069"]
[BlackElo "2447"]
[WhiteFideId "462560"]
[BlackFideId "34220194"]
[EventDate "2025.08.26"]

1. e4 c5 2. Nf3 d6 3. Bb5+ Nd7 4. Ba4 Nf6 5. O-O a6 6. d3 e6 7. c3 b5 8. Bc2 Bb7
9. Re1 Rc8 10. Nbd2 Qc7 11. Qe2 h6 12. a4 b4 13. Nf1 Be7 14. Bf4 a5 15. Rad1 Qb6
16. d4 cxd4 17. cxd4 O-O 18. e5 Nd5 19. Qe4 Rxc2 20. exd6 Nxf4 21. Qxc2 Bxd6 22.
N1d2 Rc8 23. Qb1 Nf6 24. b3 N6d5 25. Nc4 Qd8 26. Rc1 Nc3 27. Qc2 Bxf3 28. gxf3
Qg5+ 29. Kh1 Qg2# 0-1

[Event "Titled Tue 26th Aug Early"]
[Site "chess.com INT"]
[Date "2025.08.26"]
[Round "1"]
[White "Rakhmatullaev, Almas"]
[Black "Setumadhav, Yellumahanthi"]
[Result "1-0"]
[WhiteTitle "IM"]
[BlackTitle "FM"]
[WhiteElo "2390"]
[BlackElo "2226"]
[WhiteFideId "14205793"]
[BlackFideId "25920669"]
[EventDate "2025.08.26"]

1. d4 Nf6 2. Nf3 d5 3. c4 e6 4. Nc3 dxc4 5. e4 b5 6. e5 Nd5 7. Nxb5 Nb6 8. Qc2
a6 9. Nc3 Bb7 10. Bg5 Be7 11. Bxe7 Qxe7 12. Bxc4 Nxc4 13. Qa4+ Nd7 14. Qxc4 Bxf3
15. gxf3 O-O 16. Qxc7 Rfc8 17. Qd6 Qxd6 18. exd6 Rab8 19. O-O-O Nb6 20. Kb1 Nc4
21. d7 Rd8 22. b3 Rxd7 23. d5 exd5 24. Nxd5 Na3+ 25. Kb2 Nc4+ 26. Kc3 Ne5 27. f4
Rc8+ 28. Kb2 Rcd8 29. fxe5 Rxd5 30. Rxd5 Rxd5 31. Rc1 g5 32. Rc6 a5 33. e6 fxe6
34. Rxe6 Rd2+ 35. Ka3 Rxf2 36. Re5 h6 37. Rxa5 Rxh2 38. b4 g4 39. b5 Rh1 40. Ra4
Rh3+ 41. Kb4 g3 42. b6 Rh4+ 43. Kb5 Rxa4 44. b7 Rxa2 45. b8=Q+ Kg7 46. Qxg3+ Kf6
47. Qf4+ Kg6 48. Qe4+ Kf6 49. Qd4+ Kg6 50. Qd6+ Kg5 51. Qd5+ 1-0

[Event "Titled Tue 26th Aug Early"]
[Site "chess.com INT"]
[Date "2025.08.26"]
[Round "1"]
[White "Perez Cruz, Adianet"]
[Black "Grieve, Harry"]
[Result "0-1"]
[WhiteTitle "WFM"]
[BlackTitle "IM"]
[WhiteElo "1984"]
[BlackElo "2479"]
[WhiteFideId "3510115"]
[BlackFideId "426520"]
[EventDate "2025.08.26"]

1. d4 Nf6 2. Bg5 d5 3. e3 c5 4. c3 Qb6 5. Qb3 Nc6 6. Nf3 c4 7. Qxb6 axb6 8. Be2
b5 9. Nbd2 b4 10. O-O b5 11. Bxf6 exf6 12. e4 Be6 13. Rfe1 Kd7 14. exd5 Bxd5 15.
Nh4 bxc3 16. bxc3 Ba3 17. Rab1 Rhb8 18. Bf3 Bxf3 19. Nhxf3 Ne7 20. Ne4 Nd5 21.
Rbd1 Kc6 22. Nh4 Re8 23. Nf5 g6 24. Nh6 f5 25. Ng5 Nxc3 26. Rxe8 Rxe8 27. Rf1
Ne2+ 28. Kh1 c3 29. Ngxf7 c2 30. Ne5+ Kd5 31. Nd3 Kxd4 0-1

[Event "Titled Tue 26th Aug Early"]
[Site "chess.com INT"]
[Date "2025.08.26"]
[Round "1"]
[White "Zeneli, Klendi"]
[Black "Drygalov, Sergey"]
[Result "0-1"]
[WhiteTitle "CM"]
[BlackTitle "GM"]
[WhiteElo "2225"]
[BlackElo "2560"]
[WhiteFideId "4706609"]
[BlackFideId "24171743"]
[EventDate "2025.08.26"]

1. e4 c5 2. Nf3 d6 3. c3 Nf6 4. Be2 g6 5. O-O Bg7 6. Re1 O-O 7. Bf1 e5 8. h3 Nc6
9. d3 h6 10. Nbd2 Be6 11. Nc4 Re8 12. Ne3 d5 13. exd5 Nxd5 14. Nc4 Qc7 15. Qc2
Rad8 16. Ncd2 b6 17. Ne4 f6 18. Ng3 f5 19. h4 Qd7 20. Bd2 Qf7 21. Rad1 Kh8 22.
Qc1 Qf8 23. Qc2 Qf7 24. Qa4 Qc7 25. Qc2 f4 26. Ne4 Nde7 27. Bc1 Bg4 28. Be2 Nf5
29. Ned2 Qe7 30. Nxe5 Nxe5 31. Bxg4 Qxh4 32. Bxf5 gxf5 33. Nc4 f3 34. Re3 Ng4
35. gxf3 Qh2+ 36. Kf1 Nxe3+ 37. Nxe3 f4 38. Ke2 fxe3 39. Bxe3 Rxe3+ 40. Kxe3
Re8+ 41. Kd2 Qf4# 0-1